01831nam a2200277 i 4500001000700000003000700007005001700014007000300031008004100034017004900075020001800124035001300142040002900155080002100184100004800205245004100253250003700294264004500331300002700376336002200403337003000425338002400455520096000479655001201439852010201451193227SpMaBN20250804062654.0ta210929s2020 sp | |||| 000 f spa  aM 7797-2020bOficina Depósito Legal Madrid a9788491648352 aa6951340 aSpMaBNbspacSpMaBNerda a821.134.2-31"20" aGarcía Mateache, Aurora,d1982-4auteaut13aLa finca /cAurora García Mateache aPrimera edición: julio de 2020 1aMadrid :bLa Esfera de los Libros,c2020 a426 páginas ;c23 cm aTexto2rdacontent asin mediación2rdamedia avolumen2rdacarrier aUnas señas en un posavasos con una palabra indescifrable y un dibujo de dos siluetas femeninas cambiará para siempre el destino de la joven periodista Claudia Abril. Recién designada corresponsal de la Casa del Rey, en un viaje del jefe de Estado a Rusia conocerá a Mod, una misteriosa y excéntrica heredera de una de las familias más ricas y poderosas del país. Mod le abrirá las puertas de un mundo completamente desconocido para ella, con atardeceres en safaris de caza en medio de la sabana africana, veladas en casinos de alta mar en el Golfo Pérsico y fiestas en las que nunca amanece. Claudia, envuelta en una dulce e inquietante nebulosa y atada a un amor fatídico, quedará atrapada como una pieza más de una partida de ajedrez, que involucrará a los poderes del Estado, orquestada por una familia poseída por el orgullo, la traición y la obsesión con Amalur, la finca alrededor de la cual todo gira y se destruye. 0aNovelas aES-MaACLbR. 154622cDEPOJjN-9388hDonación: EditorialxEncuadernación rústica con solapas